000 00504nmm a2200169Ia 4500
008 251105s9999||||xx |||||||||||||||||und||
020 _a9788427714892
041 _aspa
100 _aGutiérrez Sanz, Ángel
245 0 _aCitados para un encuentro : Dios llama y espera
264 _a[Madrid, España] :
_bNarcea Ediciones,
_c2006
300 _a176 páginas
490 _aLibros de Espiritualidad
650 _aReligion(s)
856 _uhttps://public.digitaliapublishing.com/a/40901
942 _cCF
999 _c80659
_d80659